000 00592nam a2200241Ia 4500
003 OSt
005 20221005131541.0
006 a|||||r|||| 00| 0
007 ta
008 221004b |||||||| |||| 00| 0 san d
024 _a40457
037 _cTextual
040 _aCRL
_cCRL
_bsan
041 _2san
_asan
082 _aR66,6xG90:g, 155J2
100 _aFatak N.R.
_9639757
245 0 _aSreegyanaswar
260 _c1952
300 _a359p.
_ccm.
650 _aPHILOSOPHY
942 _hR66,6xG90:g, 155J2
_cTEXL
_2cc
999 _c1060692
_d1060692